Les rues de Paris inondées en 1910 - Statistiques

Statistiques générales
  • Ce quiz a été pris 12 fois
  • Le résultat moyen est 50 sur 131
Statistiques - réponses
Arrondissement Indice 1 Indice 2 Voie % Correct
XIII Embarcadère - Paris-Orléans A Gare d'{Austerlitz}
91%
XII Embarcadère PLM L Gare de {Lyon}
91%
IV Cathédrale ND Parvis {Notre-Dame}
91%
XII Lugdunum L Rue de {Lyon}
91%
XVI Ville américaine NY Avenue de {New-York}
82%
VIII Président américain FR Avenue {Franklin-Roosevelt}
82%
VII Dieu de la guerre M Champ de {Mars}
82%
VII Accueille les vieux soldats I Esplanade des {Invalides}
82%
VII Embarcadère - Chemins de fer de l'Ouest I Gare des {Invalides}
82%
VII Embarcadère - Musée O Gare d'{Orsay}
82%
VIII Embarcadère - Réseau Ouest-Etat SL Gare {Saint-Lazare}
82%
VII Assemblée nationale PB Place du {Palais-Bourbon}
82%
IV Dynastie royale B Quai de {Bourbon}
82%
XIII Arrêt de train G Quai de la {Gare}
82%
VII Ministère des Affaires Etrangères O Quai d'{Orsay}
82%
IV Roi 1553-1610 HIV Quai {Henri IV}
82%
V Chien et saint SB Quai {Saint-Bernard}
82%
VI Fleuve parisien S Rue de {Seine}
82%
XVI Préfecture 78 V Avenue de {Versailles}
73%
XVI Président américain K Avenue du président {Kennedy}
73%
VIII Capitale européenne R Cour de {Rome}
73%
VIII Sous-préfecture 76 H Cour du {Havre}
73%
VIII Roi des Belges A1er Cours {Albert 1er}
73%
VIII Entente parfaite C Place de la {Concorde}
73%
IV Mairie HDV Quai de l'{Hôtel de ville}
73%
I Musée et palais L Quai du {Louvre}
73%
VI Futur empereur B Rue {Bonaparte}
73%
VII Préfecture 59 L Rue de {Lille}
73%
XII Saint A Rue du faubourg {Saint-Antoine}
73%
V Albert le Grand MA Rue {Maître Albert}
73%
XII Ancien village B Boulevard de {Bercy}
64%
XII Philosophe D Boulevard {Diderot}
64%
V Saint - Allemand SG Boulevard {Saint-Germain}
64%
VI Evêque de Paris SG Boulevard {Saint-Germain}
64%
VIII Bataille de 1854 A Place de l'{Alma}
64%
XII Entrepots B Quai de {Bercy}
64%
I Joailliers O Quai des {Orfèvres}
64%
I Ancien palais T Quai des {Tuileries}
64%
V Préfecture 95 P Rue de {Pontoise}
64%
I Saint des pâtissiers SH Rue {Saint-Honoré}
64%
XI François-Marie Arouet V Rue {Voltaire}
64%
VIII Séjour des âmes vertueuses CE Avenue des {Champs-Elysées}
55%
XV Ancienne commune G Boulevard de {Grenelle}
55%
IV Marché spécialisé F Quai aux {Fleurs}
55%
IV Sous-préfecture 62 B Quai de {Béthune}
55%
XV Ancienne commune G Quai de {Grenelle}
55%
XV Assemblée de 792 à 1795 C Rue de la {Convention}
55%
VII Préfecture 86 P Rue de {Poitiers}
55%
V Lieux de travaux C Rue des {Chantiers}
55%
XIII Département 45 L Rue du {Loiret}
55%
XV En hommage à Charles X SC Rue {Saint-Charles}
55%
VII Couvent des Dominicains SD Rue {Saint-Dominique}
55%
XV Ecrivain et journaliste EZ Avenue {Emile Zola}
45%
VIII Moraliste M Avenue {Montaigne}
45%
VIII Administrateur H Boulevard {Haussmann}
45%
VII Ville d'Algérie C Rue de {Constantine}
45%
XV Général - Monopoly L Rue {Lecourbe}
45%
XV Nom d'une ancienne île C Allée des {Cygnes}
36%
XII Défenseur de Vincennes D Avenue {Daumesnil}
36%
VI Princes français C Quai de {Conti}
36%
XII Ancien fief LR Quai de {La Rapée}
36%
VI Mal acquis M Quai {Malaquais}
36%
VII Sous-préfecture 21 B Rue de {Beaune}
36%
VII Province de France B Rue de {Bourgogne}
36%
XV Quartier - Eau J Rue de {Javel}
36%
VII Ancien Pré-aux-Clercs U Rue de l'{Université}
36%
VII Lieu de passage de la Seine B Rue du {Bac}
36%
VI Fondateur des Bénédictins SB Rue {Saint-Benoît}
36%
XII Politicien LR Avenue {Ledru-Rollin}
27%
VII Général LM Boulevard de {Latour-Maubourg}
27%
V Abbé M Place {Maubert}
27%
VI Religieux GA Quai des {Grands Augustins}
27%
XVI Aviateur LB Quai {Louis Blériot}
27%
V Rivière B Rue de {Bièvre}
27%
V Ministre C Rue de l'Hôtel {Colbert}
27%
V Evacuent l'eau FSB Rue des {Fossès} Sajnt-Bernard
27%
VI Déformation de St Pierre SP Rue des {Saint-Pères}
27%
XV Salle de spectacle T Rue du {Théâtre}
27%
XVI Fabuliste L Rue {Jean de La Fontaine}
27%
VII Corsaire malouin S Rue {Surcouf}
27%
XII Croise une autre voie T Rue {Traversière}
27%
VII Général R Avenue {Rapp}
18%
XV Chimiste B Place {Balard}
18%
V Ancien château LT Quai de {La Tournelle}
18%
V Lannes M Quai de {Montebello}
18%
IV Habitée par les chanoines C Rue {Chanoinesse}
18%
XII Sous-préfecture 71 C Rue de {Chalon}
18%
XI Ancien village C Rue de {Charonne}
18%
XI Petite fleur jaune LR Rue de {La Roquette}
18%
XV Général tué à Inkermann L Rue de {Lourmel}
18%
XV Gouverneur des Indes Françaises D Rue {Dupleix}
18%
XV Député fusillé CM Place {Charles-Michels}
9%
XII Poète L Place {Lachambeaudie}
9%
VI Vestige d'une ancienne église SADA Place {Saint-André-des-Arts}
9%
VII Général tué à Magenta C Rue {Cler}
9%
XIII 1er président parlement de Paris B Rue de {Bellièvre}
9%
V Port au bois B Rue de la {Bûcherie}
9%
VIII Champ de jeunes arbres P Rue de la {Pépinière}
9%
VIII Ouverture en arc A Rue de l'{Arcade}
9%
V Trois maisons TP Rue des {Trois-Portes}
9%
IV Prévôt des marchands U Rue des {Ursins}
9%
V Escarpée HP Rue du {Haut-Pavé}
9%
VI Patriarche biblique J Rue {Jacob}
9%
VIII Sculpteur JG Rue {Jean-Goujon}
9%
VII Polytechnicien - 1830 V Rue {Vaneau}
9%
VII Ancien couvent V Passage de la {Visitation}
0%
XII Bronzier C Rue {Crozatier}
0%
VII Ancien clos - Caserne B Rue de {Bellechasse}
0%
XVI Prévôt de Paris B Rue de {Boulainvilliers}
0%
XII Ancienne folie R Rue de {Rambouillet}
0%
VII Bataille de 1871 V Rue de {Villersexel}
0%
XIII Lieudit d'Ivry C Rue du {Chevaleret}
0%
XV Médecin - Fièvre jaune F Rue du Dr {Finlay}
0%
XII Architecte EG Rue {Emile Gilbert}
0%
XII Politicien espagnol EC Rue {Emilio Castelar}
0%
VII Maréchal de France F Rue {Fabert}
0%
XVI Compositeur FD Rue {Felicien David}
0%
VI Cuisinier GLC Rue {Gît-le-Coeur}
0%
XVI Peintre G Rue {Gros}
0%
XV Maire de Grenelle - Magistrat J Rue {Juge}
0%
XV Prédicateur L Rue {Lacordaire}
0%
IV Prédicateur M Rue {Massillon}
0%
XII Mathématicien MC Rue {Michel-Chasles}
0%
XII Propriétaire M Rue {Moreau}
0%
XVI Peintre ND Rue {Narcisse Diaz}
0%
XII Médecin P Rue {Parrot}
0%
VIII Chancelier de France P Rue {Pasquier}
0%
IV Entrepreneur P Rue {Poulletier}
0%
XV Chimiste R Rue {Rouelle}
0%
XI Médecin T Rue {Trousseau}
0%
XVI Peintres VL Rue {Van-Loo}
0%
Aucun quiz correspondant
Distribution des résultats
% des personnes avec chaque résultat
Percentile par nombre de réponses
Votre historique - résultats
Vous n’avez pas pris ce quiz